000
00259nam a2200109Ia 4500
008
240109s9999 xx 000 0 und d
041
_a
eng
100
_a
Edwin B.Flippo.
245
_a
Personnel Management.
260
_b
McGrow Hill
650
_a
Management
999
_c
1019904
_d
1019904